000 00477nam a2200169Ia 4500
003 IN-BaIIA
008 211028s9999 xx 000 0 eng d
040 _cIIA Library
080 _a658.31
_bLAL
100 _aLalvani, J M
_97080
245 0 _aCentral civil services rules (pension) 1972
_cJ. M. Lalvani
260 _aNew Delhi
_bMinistry of Finance
_c1972
300 _a159p.
650 _aCentral Government Rules
_97081
650 _aPublic Adminstration
_97082
942 _cBK
999 _c4004
_d4004